| 000 | 01195cam a2200205 4500 | ||
|---|---|---|---|
| 001 | WB3922-14 | ||
| 008 | 030617n2003 000 0 eng u | ||
| 035 | _a(Sirsi) u122627 | ||
| 245 | _aShortfall on farmers' common agricultural policy reforms | ||
| 260 | _c2003 | ||
| 490 |
_aRICS Press Release _v10 June 2003 (1) |
||
| 520 | _aFarmers who have entered into agri-property agreements not knowing they would be faced with future reductions in their subsidies are likely to be penalised as a result of the forthcoming Common Agricultural Policy reforms. It is widely believed that there are insufficient funds to handle the volume of applications despite the proposed creation of a National Reserve to compensate farmers. Organisations including the RICS, the NFU and the Country Land and Business Association have joined forces in common agreement on a number of areas that need to be addressed in the field of property transfers and leases. ww.rics.org/includes/listprmoreall.html?faculty=RICS& | ||
| 590 | _aTEST | ||
| 650 | _aCOMMON AGRICULTURAL POLICY | ||
| 650 | _aCAP REFORM | ||
| 650 | _aAGRI-PROPERTY AGREEMENTS | ||
| 650 | _aSUBSIDIES | ||
| 690 |
_aRural _96268 |
||
| 942 | _n0 | ||
| 999 |
_c72868 _d72868 |
||